000
00258nam a2200097Ia 4500
001
712627
005
20250826162830.0
008
250824s9999 xx 000 0 und d
245
0
_a
İSLAM VE AVRUPA
_c
ORHAN GÖKÇE-GÜLİSE GÖKÇE
260
_b
ÇİZGİ YAYINLARI
999
_c
712627
_d
712627